Capitales con una misma letra en todos los continentes - Estadísticas

Estadísticas generales
  • Esta prueba ha sido intentada 59 veces
  • La puntuación promedio es 16 de 25
Estadísticas de respuestas
Letra Continente Capital % Correcto
M Europa Minsk | Madrid | Mónaco | Moscú
85%
A Europa Andorra la Vieja | Atenas | Ámsterdam
82%
P Europa París | Pristina | Podgorica | Praga
82%
A Asia Abu Dabi | Amán | Astaná | Ankara | Asjabad
79%
A África Argel | Asmara | Adís Abeba | Acra | Antananarivo | Abuya
79%
A América Asunción
76%
S América Saint John's | San José | San Salvador | Saint George | Santo Domingo | Sucre | Santiago
76%
S Europa Sarajevo | Sofía | Skopie | San Marino
73%
S Asia Seúl | Singapur | Sri Jayawardenapura Kotte | Saná
73%
M América Managua | Montevideo
70%
M Asia Manama | Manila | Malé | Mascate
70%
P Asia Pekín | Pionyang
70%
T Asia Timbu | Tiflis | Teherán | Tokio | Taipéi | Taskent
70%
M África Moroni | Mbabane | Maseru | Monrovia | Maputo | Mogadiscio
64%
T Europa Tirana | Tallin
64%
P América Puerto Príncipe | Puerto España | Paramaribo
61%
T África Trípoli | Túnez
61%
P Oceanía Palikir | Port Moresby | Port Vila
58%
P África Porto Novo | Praia | Port Louis | Pretoria
52%
S Oceanía Suva
48%
A Oceanía Apia
39%
T América Tegucigalpa
39%
M Oceanía Majuro
36%
S África Santo Tomé
36%
T Oceanía Tarawa Sur
36%
No se encontraron pruebas coincidentes
Distribución de puntuación
Porcentaje de gente con cada puntuación
Porcentaje por número respondido
Historial de tus puntuaciones
No has intentado esta prueba.